000 00716nam a2200241Ia 4500
999 _c33370
_d33370
003 GCL
005 20240530102614.0
008 140319s9999 xx 000 0 ara d
040 _aGCL /
_cGCL
082 0 4 _a152.1
_bو ح
100 1 _aولسون ، كولن
245 1 0 _aالحاسة السادسة /
260 _a[S.N] :
_bالاهلية للنشر والتوزيع
300 _a155 ص
650 0 4 _aعلم النفس الفسيولوجى
650 0 4 _aالتنويم المغناطيسى
650 0 4 _aالغيبيات
650 0 4 _aالحواس
650 0 4 _aالحاسة السادسة
650 0 4 _aقراءة الافكار
700 1 _aمالك فاضل البديرى
942 _2ddc
_cBK